00741nam a2200205Ia 4500003000900000008004100009020002200050040001600072080002300088245010600111260003100217300001400248490005100262650003000313650002500343700003500368942000700403999001700410952010800427IN-BaIIA211028s9999 xx 000 0 eng d a978-3-642-39267-2 cIIA Library a52(082.1)bASS-400 4aThe coronas-f space missionbkey results for solar terrestrial physicscedited by Vladimir Kuznetsov  aHeidelbergbSpringerc2014 axi, 483p. aAstrophysics and space science library; v. 400 aScience - Astronom936321 aSolar activity91424 aKuznetsov, Vladimir ed.936322 cBK c19024d19024 00104070aBANbBANcGENd2015-04-30eANJ l0o52(082.1)/ ASS-400p19946r2021-11-05w2015-04-30yBK